Statistics for Shine On You Crazy Diamond - Pink Floyd

Click here to take the quiz!

General Stats

  • This quiz has been taken 89 times
  • The average score is 8 of 14

Answer Stats

Answer% Correct
You {legend},
78%
you {martyr}, and shine
74%
You {piper},
72%
you {prisoner}, and shine
64%
Come on, you {painter}
62%
Come on, you {target}
59%
for {faraway laughter}
57%
Come on, you {stranger},
52%
Come on, you {raver}
51%
You {seer of visions}
51%
Come on you {miner}
42%
you {winner and loser}
39%
Come on you {boy child}
38%
for {truth and delusion}, and shine!
38%

Score Distribution

Percentile by Number Answered

Percent of People with Each Score

Your Score History

You have not taken this quiz